000 00277 a2200157 4500
001 176823
020 _a
040 _cMagnum
100 _a-
240 1 0 _aBambi
_lpor
245 1 0 _aBambi
362 0 _a1899
440 1 _aEko
697 _aMAGNITO: I/GERAL
942 _cBK
999 _c176823
_d176823